Mauricio Pochettino's Tottenham - Statistics

General Stats
  • This quiz has been taken 27 times
  • The average score is 40 of 67
Answer Stats
Rank Player Position Nationality Matches Goals Assists % Correct
1 Christian Eriksen Central Midfield 255 58 75
100%
18 Davinson Sánchez Centre-Back 90 1 1
100%
7 Dele Alli Attacking Midfield 194 55 48
100%
8 Erik Lamela Right Winger 183 31 39
100%
2 Harry Kane Centre-Forward 242 169 28
100%
6 Heung-min Son Left Winger 203 75 37
100%
3 Hugo Lloris Goalkeeper 229 0 0
100%
5 Jan Vertonghen Centre-Back 212 4 2
100%
17 Kyle Walker Right-Back 95 1 8
100%
11 Mousa Dembélé Central Midfield 166 6 5
100%
10 Toby Alderweireld Centre-Back 172 6 4
100%
12 Danny Rose Left-Back 150 7 17
96%
4 Eric Dier Centre-Back 216 11 9
96%
20 Lucas Moura Right Winger 73 18 7
96%
16 Victor Wanyama Defensive Midfield 96 7 1
96%
9 Ben Davies Centre-Back 176 4 17
92%
22 Fernando Llorente Centre-Forward 66 13 6
92%
13 Moussa Sissoko Central Midfield 141 2 15
92%
41 Emmanuel Adebayor Centre-Forward 17 2 1
88%
15 Kieran Trippier Right-Back 114 2 23
88%
14 Harry Winks Defensive Midfield 115 2 2
85%
23 Serge Aurier Right-Back 50 4 8
85%
24 Michel Vorm Goalkeeper 47 0 0
81%
28 Roberto Soldado Centre-Forward 40 5 6
77%
45 Tanguy Ndombélé Central Midfield 14 2 3
77%
48 Giovani Lo Celso Attacking Midfield 8 1 0
73%
19 Nacer Chadli Left Winger 85 20 8
73%
38 Paulo Gazzaniga Goalkeeper 21 0 0
73%
34 Juan Foyth Right-Back 29 1 0
69%
25 Nabil Bentaleb Defensive Midfield 46 1 4
65%
43 Oliver Skipp Defensive Midfield 16 0 2
65%
42 Aaron Lennon Right Winger 17 0 2
62%
27 Vincent Janssen Centre-Forward 42 6 5
62%
32 Kevin Wimmer Centre-Back 31 0 0
54%
37 Kyle Walker-Peters Right-Back 23 1 5
54%
21 Ryan Mason Central Midfield 66 4 4
54%
53 Sandro Central Midfield 1 0 0
54%
26 Andros Townsend Right Winger 42 6 8
50%
30 Federico Fazio Centre-Back 32 0 1
50%
35 Georges-Kevin N'Koudou Left Winger 27 1 2
50%
33 Paulinho Central Midfield 30 2 5
50%
55 Troy Parrott Centre-Forward 1 0 0
50%
39 Vlad Chiricheș Defensive Midfield 19 1 1
50%
51 Ryan Sessegnon Left-Back 2 0 1
46%
49 Cameron Carter-Vickers Centre-Back 4 0 0
42%
46 Clinton N'Jie Right Winger 14 0 1
42%
65 DeAndre Yedlin Right-Back 1 0 0
42%
50 Lewis Holtby Central Midfield 3 0 0
42%
44 Younès Kaboul Centre-Back 15 0 0
42%
36 Benjamin Stambouli Defensive Midfield 25 1 0
38%
40 Étienne Capoue Defensive Midfield 18 1 2
35%
54 Japhet Tanganga Centre-Back 1 0 0
35%
62 Marcus Edwards Right Winger 1 0 0
35%
29 Tom Carroll Central Midfield 33 3 1
35%
31 Josh Onomah Central Midfield 32 1 0
27%
47 Kyle Naughton Right-Back 11 0 0
23%
56 Anthony Georgiou Left Midfield 1 0 0
19%
67 Alex Pritchard Attacking Midfield 1 0 0
15%
59 Shayon Harrison Centre-Forward 1 0 0
15%
63 Anton Walkes Centre-Back 1 0 0
12%
61 Filip Lesniak Defensive Midfield 1 0 1
12%
60 George Marsh Defensive Midfield 1 0 0
12%
52 Kazaiah Sterling Centre-Forward 2 0 0
12%
64 Luke Amos Central Midfield 1 0 0
12%
66 Milos Veljkovic Centre-Back 1 0 0
12%
58 Tashan Oakley-Boothe Central Midfield 1 0 0
12%
57 Timothy Eyoma Centre-Back 1 0 0
12%
No matching quizzes found
Score Distribution
Percent of People with Each Score
Percentile by Number Answered
Your Score History
You have not taken this quiz